MARC

LEADER 00000nam0a2200000 4500
001 350467
005 20231102010314.0
035 |a (RuTPU)RU\TPU\retro\4585 
090 |a 350467 
100 |a 20190205d1962 km y0frey50 ba 
101 0 |a rum 
102 |a RO 
105 |a a z 001zd 
200 1 |a Stefan Luchian  |f V. Dragut 
210 |a Bucarest  |c Meridiens  |d 1962 
215 |a 74 s.  |c il. 
225 1 |a Les Maitres de L'Apt Roumain 
317 |5 63413507: КР-5892  |a Поступил в НТБ в 1987 г. в дар от вдовы ученого Е. К. Завадовской 
320 |a Список иллюстраций: с. 71-74 
600 1 |a Лукьян  |b Ш.  |c румынский художник импрессионист  |f 1868-1916  |g Штефан  |2 stltpush  |3 (RuTPU)RU\TPU\pers\43178  |9 21630 
606 1 |a Живописцы  |2 stltpush  |3 (RuTPU)RU\TPU\subj\10834  |9 37852 
610 1 |a изобразительное искусство 
610 1 |a художники 
610 1 |a живопись 
610 1 |a Румыния 
610 1 |a история 
610 1 |a 19 век 
610 1 |a 20 век 
610 1 |a французский язык 
610 1 |a библиотека А. А. Воробьева 
610 1 |a дары библиотеке 
610 1 |a дары 
675 |a 75.071  |v 4 
700 1 |a Dragut  |b V.  |g Vasile 
801 1 |a RU  |b 63413507  |c 20190205 
801 2 |a RU  |b 63413507  |c 20190318  |g RCR 
942 |c BK